000 00350 a2200169 4500
001 168874
020 _a85-322-3904-8
040 _cMagnum
100 _aGaldino, Luiz
240 1 0 _aO destino de Perseu
_lpor
245 1 0 _aO destino de Perseu
300 _a94
362 0 _a1999
440 1 _aFTD
697 _aLITERATURA JUVENIL
942 _cBK
999 _c168874
_d168874